000 00340 a2200133 4500
001 90342
082 _a340.59082 ABD
090 _c42662
_d42662
100 _aMuhammad Bin Abdul Aziz
245 _aFatawa Baraye Khawateen
_hUrdu
260 _aKarachi
_bDarus Salam Publishers
_c2009
300 _a488p.
500 _aGeneral Collection
942 _aCAE NUST
_k340.59082 ABD
999 _c325415
_d325415